| 000 | 00364nam a2200145Ia 4500 | ||
|---|---|---|---|
| 008 | 230917s9999||||xx |||||||||||||| ||und|| | ||
| 040 |
_e76069 _aMAIN |
||
| 041 | _aEnglish | ||
| 082 | _a658.8 J199K | ||
| 100 | _aJain, N K | ||
| 245 | 0 | _aMarketing management of small-scale industries | |
| 260 |
_aJaipur _bPrateeksha _c1988 |
||
| 300 | _aiv, 257 p. | ||
| 942 | _cBK | ||
| 999 |
_c61323 _d61323 |
||